00784nam a2200133Ia 4500008004100000020001800041245013100059260003900190650001600229650025500245856004100500999001900541952009000560171212s9999 xx 000 0 und d a9781607325956 ceditor Rosenfeld, Silvana;Bautista, StefanieaRituals of the PastbPrehispanic and Colonial Case Studies in Andean Archaeology bUniversity Press of Coloradoc2017 aArchaeology aIndians of South America -- Andes Region -- Rites and ceremonies; Indians of South America -- Peru -- Rites and ceremonies; Excavations (Archaeology) -- Andes Region; Excavations (Archaeology) -- Peru; Andes Region -- Antiquities; Peru -- Antiquities uhttp://jstor.org/stable/j.ctt1mtz7j7 c353165d353165 001040aCLbCLd2017-12-12l0oF2229 .R56 2017r2017-12-12 00:00:00w2017-12-12yCBE